000 00509nam a2200181 4500
001 120926
003 ES-MaACL
005 20230906191642.0
007 t|
008 070214s1972 sp r ||||1| spa d
100 1 _aPratt, Theodore.
_993718
245 1 0 _aViolación /
_cTheodore Pratt ; [traducción de M. Orta Manzano].
250 _a1ª ed.
260 _aBarcelona :
_bCedro,
_c1972.
300 _a370 p. ;
_c21 cm.
700 1 _aOrta Manzano, Mariano.
_987384
852 _aES-MaACL
_jC-47994
_bR.84051
999 _c120926
_d120926